| 000 | 00782nmm a2200133Ia 4500 | ||
|---|---|---|---|
| 005 | 20241119151741.0 | ||
| 008 | 241119s9999||||xx |||||||||||||||||und|| | ||
| 100 | _aJohnson, Vicky ; Roelen, Keetie ; Dunne, Máiréad ; Mitchell, Becky ; Thorsen, Dorte ; Howard, Neil ; Lewin, Tessa ; Warmington, Amy ; Ton, Giel ; Bellwood-Howard, Imogen ; Asante, Felix Ankomah ; Egyir, Irene ; Okyere, Sam ; Wickenden, Mary ; Abubakari, Abdulai ; Yeboah, Thomas ; Szyp, Carolina ; Bock, Rosilin ; Boamah Frimpong, Emmanuel ; Humphreys, Sara ; Thorpe, Jodie ; Barnett, Inka ; Maconachie, Roy | ||
| 245 | 0 | _aChildren’s Work in African Agriculture | |
| 260 |
_aBristol University Press _c2023 |
||
| 650 | _aEducation | ||
| 856 | _uhttps://www.jstor.org/stable/10.2307/jj.2775909 | ||
| 942 | _cE-Book | ||
| 999 |
_c181907 _d181907 |
||